FRONTIERS OF PAKISTAN A STUDY OF FRONTIER PROBLEMS IN PAKISTAN FOREIGN POLICY (Record no. 572568)
[ view plain ]
| 000 -LEADER | |
|---|---|
| fixed length control field | 00426nam a22001217a 4500 |
| 082 ## - DEWEY DECIMAL CLASSIFICATION NUMBER | |
| Classification number | 954.912 RAZ'F |
| 100 ## - MAIN ENTRY--PERSONAL NAME | |
| Personal name | RAZVI, S. M. MUJTABA DR |
| 9 (RLIN) | 63872 |
| 245 ## - TITLE STATEMENT | |
| Title | FRONTIERS OF PAKISTAN A STUDY OF FRONTIER PROBLEMS IN PAKISTAN FOREIGN POLICY |
| 260 ## - PUBLICATION, DISTRIBUTION, ETC. | |
| Place of publication, distribution, etc. | RAWALPINDI |
| Name of publisher, distributor, etc. | ARMY EDUCATIONAL PRESS |
| Date of publication, distribution, etc. | 1971 |
| 300 ## - PHYSICAL DESCRIPTION | |
| Extent | 339P |
| 650 ## - SUBJECT ADDED ENTRY--TOPICAL TERM | |
| Topical term or geographic name entry element | FRONTIERS OF PAKISTAN.A STUDY OF FRONTIER PROBLEMS IN PAKISTAN FOREIGN POLICY |
| 9 (RLIN) | 63873 |
| 942 ## - ADDED ENTRY ELEMENTS (KOHA) | |
| Koha item type | Book |
| Withdrawn status | Lost status | Damaged status | Not for loan | Permanent Location | Current Location | Shelving location | Date acquired | Total Checkouts | Full call number | Barcode | Date last seen | Price effective from | Koha item type |
|---|---|---|---|---|---|---|---|---|---|---|---|---|---|
| College of Electrical & Mechanical Engineering (CEME) | College of Electrical & Mechanical Engineering (CEME) | General Stacks | 02/16/2017 | 954.912 RAZ'F | CEME-19626 | 06/28/2021 | 06/28/2021 | Book | |||||
| College of Electrical & Mechanical Engineering (CEME) | College of Electrical & Mechanical Engineering (CEME) | General Stacks | 02/16/2017 | 954.912 RAZ'F | CEME-19625 | 06/28/2021 | 06/28/2021 | Book |
